[Event "Santiago Endesa 04"]
[Site "Santiago de Chile"]
[Date "2013.04.??"]
[Round "3"]
[White "Gonzalez, Cristian"]
[Black "Martinez, Eric"]
[Result "1-0"]
[WhiteElo "2150"]
[BlackElo "1997"]
[PlyCount "65"]
[EventDate "2013.04.16"]
[EventType "tourn"]
[EventRounds "10"]
[EventCountry "CHI"]
[SourceTitle "EXT 2015"]
[Source "ChessBase"]
[SourceDate "2014.11.20"]
[SourceVersion "1"]
[SourceVersionDate "2014.11.20"]
[SourceQuality "1"]

1. d4 Nf6 2. c4 e5 3. dxe5 Ng4 4. Bf4 Nc6 5. Nf3 Bb4+ 6. Nbd2 Qe7 7. a3 Bxd2+ 8. Qxd2 Ngxe5 9. Nxe5 Nxe5 10. e3 d6 11. Be2 Bd7 12. c5 Bc6 13. cxd6 cxd6 14. 0-0 0-0 15. Rfd1 Rfd8 16. Qd4 Qe6 17. f3 Rd7 18. Rd2 h6 19. Rad1 Kh8 20. Qc3 Rad8 21. e4 Ba4 22. Rc1 Bc6 23. Bd1 Qf6 24. Bg3 Qe7 25. Bb3 Ng6 26. Qa5 a6 27. Bd5 Qg5 28. Qc3 h5 29. Rcd1 h4 30. Bf2 Ne5 31. Bb3 h3 32. Bg3 hxg2 33. f4 1-0